Atlas of Head and Neck Pathology/ (Record no. 37165)

MARC details
000 -LEADER
fixed length control field 00516nam a22002057a 4500
005 - DATE AND TIME OF LATEST TRANSACTION
control field 20260505101508.0
008 - FIXED-LENGTH DATA ELEMENTS--GENERAL INFORMATION
fixed length control field 260505b |||||||| |||| 00| 0 eng d
020 ## - INTERNATIONAL STANDARD BOOK NUMBER
ISBN 978-1-4557-3382-8
082 ## - DEWEY DECIMAL CLASSIFICATION NUMBER
Classification number 617.510
Item number WEN-A
100 ## - MAIN ENTRY--AUTHOR
Author Name Wenid; Bruce.M
245 ## - TITLE STATEMENT
Title Atlas of Head and Neck Pathology/
250 ## - EDITION STATEMENT
Edition statement 3rd.ed
260 ## - PUBLICATION, DISTRIBUTION, ETC.
Place of Publication China :
Name of publisher, distributor, etc. Elsevier;
Date of publication, distribution, etc. 2016.
300 ## - PHYSICAL DESCRIPTION
Pages 802.e1.
490 ## - SERIES STATEMENT
Volume vol.1
500 ## - GENERAL NOTE
General note Include Index.
650 ## - SUBJECT ADDED ENTRY--TOPICAL TERM
Subject / Department Medical / Pathology
700 ## - ADDED ENTRY--PERSONAL NAME
Personal name Juan,C.Hernandez
952 ## - LOCATION AND ITEM INFORMATION (KOHA)
-- 0
-- 0
952 ## - LOCATION AND ITEM INFORMATION (KOHA)
-- 0
-- 0
Holdings
Lost status Damaged status Collection code Permanent Location Current Location Shelving Location Date acquired Full Call Number Accession No./Barcode Date last seen Copy number item type Koha item type
    Medical Superior Information Resource Center (SIRC) Superior University- Central Library Superior Information Resource Center (SIRC) Superior University- Central Library Pathology (D-L) 05/05/2026 617.510 WEN-A 2016 29901 05/05/2026 1 BOOK BOOK
    Medical Superior Information Resource Center (SIRC) Superior University- Central Library Superior Information Resource Center (SIRC) Superior University- Central Library Pathology (D-L) 05/05/2026 617.510 WEN-A 2016 29902 05/05/2026 2 BOOK BOOK

Powered by Koha